Fortnite OG Quiz - Statistics

General Stats
  • This quiz has been taken 238 times
  • The average score is 9 of 18
Answer Stats
Hint Answer % Correct
The cube (“Kevin”) melted into what location? Loot Lake
84%
Which season had the first ever Battle Pass Season 2
82%
What location replaced Dusty Depot after the meteor impact? Dusty Divot
77%
Volcano appeared in which Chapter 1 season? Season 8
73%
What was the first-ever vehicle added to Fortnite? Shopping Cart
66%
Kevin the Cube first appeared near which location? Paradise Palms
64%
What cosmetic do players earn after their first Victory Royale? Umbrella
64%
The first weapon that used Heavy Bullets but wasn’t a sniper Hand Cannon
56%
Location that replaced Anarchy Acres Lazy Links
54%
Season 5 Tier 100 Battle Pass reward Ragnarok
54%
Which trap could launch players upward? Bounce Pad
49%
First-ever live event in Fortnite history Rocket Launch
42%
Who was the first boss character in Fortnite Battle Royale? Thanos
38%
Which mode introduced respawn for the first time Team Rumble
36%
Weapon that could one-shot structures and players Heavy Sniper Rifle
31%
What was the very first mythic-tier item in Fortnite? Infinity Blade
24%
What was the first skin ever sold in the Item Shop? Recon Expert
22%
What was the first consumable item added? Shield Potion
17%
No matching quizzes found
Score Distribution
Percent of People with Each Score
Percentile by Number Answered
Your Score History
You have not taken this quiz